[Event "EICC 2017"]
[Site "Minsk"]
[Date "2017.06.09"]
[Round "10"]
[White "Artemiev, Vladislav"]
[Black "Pashikian, Arman"]
[Result "1/2-1/2"]
[WhiteElo "2682"]
[BlackElo "2603"]
[Annotator "TA"]
[PlyCount "51"]
[EventDate "2017.??.??"]
[EventCountry "BLR"]
[SourceTitle "playchess.com"]
[Source "ChessBase"]
[SourceQuality "1"]

{[%evp 16,51,5,3,39,31,37,-13,0,0,14,14,14,15,20,18,22,18,29,31,28,27,27,16,38,34,49,40,66,56,86,93,79,13,0,18,39,0]} 1. e4 e5 2. Nf3 Nc6 3. d4 exd4 4. Nxd4 Bc5 5. Be3 Qf6 6. c3 Nge7 7. Bb5 Bb6 {C45: Scotch Game} 8. O-O O-O 9. a4 {LiveBook: 3 Games} Qg6 {The position is equal.} 10. Bd3 $146 ({Predecessor:} 10. a5 Bxd4 11. cxd4 d5 12. exd5 Nxd5 13. Nc3 Bg4 14. Qd3 Bf5 15. Qd2 {1-0 (30) Morozevich,A (2683)-Romanov,E (2619) Sochi 2016}) 10... d6 11. Kh1 (11. e5 $5 {[%cal Rd3g6]} Nf5 12. Nxc6 bxc6 13. Bxb6 axb6 14. exd6 $11) 11... Bxd4 12. cxd4 Nb4 13. Nc3 Nxd3 14. Qxd3 d5 15. f3 c6 16. Qd2 dxe4 17. fxe4 Re8 18. Rf3 $36 {[%mdl 2048] White has good play.} f6 19. Raf1 Qh5 20. Rg3 {Black must now prevent Rxf6.} Ng6 21. d5 Qe5 22. Qf2 cxd5 23. Bd4 ({Of course not} 23. Nxd5 $6 Rd8 $11) 23... Qd6 24. exd5 (24. h4 $16) 24... b6 $11 25. Nb5 Qd8 26. Nc3 {Precision: White = 58%, Black = 42%.} 1/2-1/2

[Event "EICC 2017"]
[Site "Minsk"]
[Date "2017.06.09"]
[Round "10"]
[White "Ragger, Markus"]
[Black "Galliamova, Alisa"]
[Result "1-0"]
[WhiteElo "2680"]
[BlackElo "2456"]
[Annotator "RC"]
[PlyCount "91"]
[EventDate "2017.??.??"]
[EventCountry "BLR"]
[SourceTitle "playchess.com"]
[Source "ChessBase"]
[SourceQuality "1"]
[TimeControl "40/5400+30:1800+30"]

1. e4 {[%emt 0:00:00]} e5 {[%emt 0:00:22]} 2. Nf3 {[%emt 0:00:00]} Nc6 {[%emt 0:00:06]} 3. d4 {[%emt 0:00:00]} exd4 {[%emt 0:00:19]} 4. Nxd4 {[%emt 0:00:00]} Bc5 {[%emt 0:00:42]} 5. Nb3 {[%emt 0:00:00]} Bb6 {[%emt 0:01:52]} 6. Nc3 {[%emt 0:00:00]} Nf6 {[%emt 0:00:18]} 7. Bg5 {[%emt 0:00:05]} h6 {[%emt 0:04:16]} 8. Bh4 {[%emt 0:00:10]} O-O {[%emt 0:02:54]} 9. Bd3 {[%emt 0:02:36]} Re8 {[%emt 0:12:30]} 10. O-O {[%emt 0:04:14]} d6 {[%emt 0:03:23]} 11. a4 {[%emt 0:12:19]} g5 {[%emt 0:13:47]} 12. Bg3 {[%emt 0:01:42]} Bg4 {[%emt 0:01:03]} 13. Qd2 {[%emt 0:02:05]} a6 {[%emt 0:03:37]} 14. Kh1 {[%emt 0:02:04]} Be6 {[%emt 0:03:35]} 15. Rae1 {[%emt 0:19:20]} Ne5 {[%emt 0:08:49]} 16. Be2 {[%emt 0:03:35]} Bxb3 {[%emt 0:06:29]} 17. cxb3 {[%emt 0:00:49]} Ng6 {[%emt 0:00:29]} 18. Bc4 {[%emt 0:05:38]} Ne5 {[%emt 0:03:34]} 19. f4 {[%emt 0:01:26]} Nxc4 {[%emt 0:00:22]} 20. bxc4 {[%emt 0:00:02]} Ba5 {[%emt 0:21:26]} 21. fxg5 {[%emt 0:13:23]} Bxc3 {[%emt 0:00:08]} 22. bxc3 {[%emt 0:00:34]} Nxe4 {[%emt 0:02:20]} 23. Qf4 {[%emt 0:02:48]} Nxg5 {[%emt 0:04:16]} 24. h4 {[%emt 0:02:00]} Rxe1 {[%emt 0:00:14]} 25. Bxe1 {[%emt 0:00:26]} Nh7 {[%emt 0:00:34]} 26. Qxf7+ {[%emt 0:05:06]} Kh8 {[%emt 0:00:06]} 27. c5 {[%emt 0:00:02]} Qf8 {[%emt 0:02:21]} 28. c4 {[%emt 0:00:57]} Qg7 {[%emt 0:02:19]} 29. Qf3 {[%emt 0:02:01]} Rf8 {[%emt 0:01:47]} 30. Bc3 {[%emt 0:00:02]} Rxf3 {[%emt 0:00:10]} 31. Rxf3 {[%emt 0:00:07]} dxc5 {[%emt 0:00:17]} 32. Bxg7+ {[%emt 0:01:34]} Kxg7 {[%emt 0:00:05]} 33. a5 {[%emt 0:00:04]} b6 {[%emt 0:00:21]} 34. axb6 {[%emt 0:03:01]} cxb6 {[%emt 0:00:05]} 35. Rb3 {[%emt 0:00:01]} b5 {[%emt 0:00:41]} 36. cxb5 {[%emt 0:00:02]} axb5 {[%emt 0:00:05]} 37. Rxb5 {[%emt 0:00:05]} Nf6 {[%emt 0:01:51]} 38. Rxc5 {[%emt 0:00:04]} Kg6 {[%emt 0:00:03]} 39. Kh2 {[%emt 0:00:49]} Kg7 {[%emt 0:00:04]} 40. Ra5 {[%emt 0:00:00]} Kg6 {[%emt 0:00:38]} 41. Kg3 {[%emt 0:00:27]} Nh5+ {[%emt 0:00:11]} 42. Kf3 {[%emt 0:00:18]} Nf6 {[%emt 0:00:07]} 43. g4 {[%emt 0:01:03]} Kg7 {[%emt 0:01:59]} 44. Kf4 {[%emt 0:01:10]} Ng8 {[%emt 0:00:15]} 45. Ke5 {[%emt 0:00:22]} Kg6 {[%emt 0:00:40]} 46. Ke6 {[%emt 0:01:03]} 1-0

[Event "EICC 2017"]
[Site "Minsk"]
[Date "2017.06.09"]
[Round "10"]
[White "Moiseenko, Alexander"]
[Black "Michalik, Peter"]
[Result "1/2-1/2"]
[WhiteElo "2677"]
[BlackElo "2558"]
[Annotator "TA"]
[PlyCount "146"]
[EventDate "2017.??.??"]
[EventCountry "BLR"]
[SourceTitle "playchess.com"]
[Source "ChessBase"]
[SourceQuality "1"]

{[%evp 14,146,24,16,21,16,24,25,27,30,31,26,37,25,32,39,43,36,29,10,42,38,38,45,45,42,45,45,52,52,45,43,33,23,28,24,25,1,9,9,9,8,9,9,9,9,23,19,19,19,86,86,86,86,86,86,86,84,86,86,93,86,86,86,86,86,86,86,86,84,86,86,91,91,91,89,90,91,97,91,88,82,82,82,85,0,0,0,0,0,0,0,2,0,0,0,0,0,0,0,0,0,0,0,20,0,0,0,0,0,0,0,0,0,0,0,0,0,0,0,0,0,0,0,0,0,0,0,0,0,0,0,0,0,0]} 1. d4 Nf6 2. c4 e6 3. Nf3 d5 4. Nc3 Bb4 5. Bg5 h6 6. Bxf6 Qxf6 7. Qa4+ Nc6 8. e3 O-O {D38: Queen's Gambit Declined: Ragozin Defence (4 Nf3 Bb4)} 9. Be2 (9. Rc1 Rd8 10. a3 Bxc3+ 11. Rxc3 e5 12. cxd5 exd4 13. Rc5 Bg4 14. Nxd4 Nxd4 15. Qxd4 Qxd4 16. exd4 {½-½ (30) Ding,L (2759)-Harikrishna,P (2758) Shenzhen 2017}) 9... Bd7 {[#] Hoping for ...Nxd4.} 10. Qb3 dxc4 {White has an edge.} 11. Qxc4 Qe7 12. O-O (12. a3 $5 {[%cal Ra3b4]} Bd6 13. Ne4 $14) 12... Bd6 13. Ne4 Rfc8 14. Rac1 e5 15. d5 Nd8 16. Nfd2 $146 ({Predecessor:} 16. Nc5 Bf5 17. e4 Bg4 18. h3 Bxf3 19. Bxf3 c6 20. Nb3 cxd5 21. Qxd5 {½-½ (21) Vlasak,L (2349)-Rydl,J (2413) Czech Republic 2016}) 16... c6 (16... b5 $5 {[%cal Rb5c4]} 17. Qb3 a6 $14) 17. a3 cxd5 18. Qxd5 Bc7 19. Rfd1 Ba4 20. b3 Bc6 21. Qc5 Qxc5 22. Nxc5 Bd6 23. b4 b6 24. Nce4 Bf8 25. Ba6 Bb7 26. Bxb7 Nxb7 27. g4 $36 {[%mdl 2048] White has some pressure.} a5 28. Nc4 axb4 29. axb4 Bxb4 30. Nxb6 Rxc1 31. Rxc1 Rd8 (31... Ra6 $11 {keeps the balance.} 32. Nd5 Ba3 33. Rc8+ Kh7) 32. Rb1 $16 Bf8 {[#]} 33. Nc4 $1 Rd7 34. Nxe5 Re7 35. Nd2 Rxe5 36. Rxb7 {[%mdl 4096] Endgame KRB-KRN} h5 37. Nf3 Ra5 38. g5 g6 39. Kg2 Bg7 40. h4 Ra4 41. Kg3 Bc3 42. Rc7 Bg7 43. Rc8+ Kh7 44. Nd2 Rg4+ 45. Kh3 Rg1 46. Kh2 Rg4 47. Rc4 Rxc4 48. Nxc4 {KB-KN} f5 49. gxf6 (49. Kg2 $16) 49... Bxf6 $11 {The position is equal.} 50. Kg3 Kg7 51. Nd2 Be5+ 52. Kg2 (52. f4 $5 {[%cal Rf4e5]} Bc3 53. Nf3 $14) 52... Kf6 53. f4 (53. Nf3 $5 {[%cal Rf3e5]} Bd6 54. Nd4 $16) 53... Bc7 54. Ne4+ Ke6 55. Kf3 Ba5 56. Nc5+ Kf7 57. Nd3 Bd8 58. Kg3 Ba5 59. e4 Bc3 60. Ne5+ Bxe5 61. fxe5 {K3P-KPP} Ke7 $1 62. Kf3 (62. e6 $5) 62... Kf7 63. Ke3 Ke7 $1 64. e6 Kf6 65. e5+ (65. e7 $5 Kxe7 66. e5 $11) 65... Kxe6 {KPP-KPP} 66. Ke4 Kd7 67. Kd5 {Black must now prevent e6+.} Ke7 68. e6 (68. Kd4 $5 {[%cal Rd4d5]} Kd7 69. Kd5 $11) 68... g5 69. hxg5 h4 70. g6 h3 {( -> ...h2)} 71. g7 {Threatening mate with Ke5.} h2 72. g8=Q {Intending Qf7+ and mate.} h1=Q+ 73. Ke5 {White threatens Qf7+ and mate.} (73. Kc5 $5 {[%cal Rg8f7]} Qf3 74. Qg6 $11) 73... Qe1+ {Precision: White = 69%, Black = 78%.} 1/2-1/2

[Event "EICC 2017"]
[Site "Minsk"]
[Date "2017.06.09"]
[Round "10"]
[White "Rakhmanov, Aleksandr"]
[Black "Bok, Benjamin"]
[Result "1/2-1/2"]
[WhiteElo "2676"]
[BlackElo "2598"]
[Annotator "TA"]
[PlyCount "81"]
[EventDate "2017.??.??"]
[EventCountry "BLR"]
[SourceTitle "playchess.com"]
[Source "ChessBase"]
[SourceQuality "1"]

{[%evp 15,81,6,0,0,8,5,6,5,22,2,24,-12,-12,-30,-10,-38,-15,-16,-12,-14,-6,-25,-16,-11,-11,-4,-5,-19,0,-6,22,18,13,12,12,-33,-27,-49,-50,-49,-27,-43,-42,-42,-42,-48,-45,-72,-72,-130,-62,-62,-53,-56,-61,-96,-33,-56,-33,-33,-21,-23,-29,-33,0,0,0,-18]} 1. d4 Nf6 2. Nf3 g6 3. g3 c5 4. c3 b6 5. Bg2 Bb7 6. Qb3 {A49: 1 d4 Nf6 2 Nf3 g6 3 g3: Anti-King's Indian systems} (6. Bg5 Bg7 7. Nbd2 O-O 8. O-O d6 9. Bxf6 Bxf6 10. e3 Nd7 11. a4 d5 {0-1 (67) Carlsen,M (2857)-Grischuk,A (2754) chess.com INT 2016}) 6... cxd4 7. cxd4 Bg7 8. Ne5 d5 {LiveBook: 4 Games} 9. Qa4+ Nbd7 10. Nc3 O-O $146 {[%cal Bh8f8,Bf8c8,Bc8c6][%mdl 32]} ({Predecessor:} 10... e6 11. Nb5 O-O 12. Nd6 Qc7 {½-½ (30) Delander,A-Hecht,H Kiel 1967}) 11. O-O e6 12. Bg5 h6 13. Be3 (13. Bxf6 $5 Nxf6 14. Rfc1 $11) 13... Qe7 14. Rfc1 a6 15. h3 Rfc8 16. Qd1 b5 17. Nxd7 Nxd7 18. a3 Nb6 {Threatening ...Nc4.} 19. b3 Rc6 20. Qd3 Rac8 21. Bd2 R6c7 22. e3 Bf8 23. Ne2 Rxc1+ 24. Nxc1 Qc7 25. Ba5 {[#]} Bxa3 $1 {[%mdl 512]} 26. Ne2 (26. Rxa3 Qxc1+) 26... Bf8 27. Nf4 Qd6 28. h4 Nd7 {[%cal Bb6d7,Bd7f6,Bf6e4][%mdl 32]} 29. Qe2 Qc6 30. Bh3 Nf6 31. Qf3 Kg7 32. Kg2 (32. Qd1 $142) 32... Qe8 (32... Qc2 $17 {aiming for ...Be7.} 33. Bxe6 Re8) 33. Nd3 $15 Ne4 34. Qd1 Bd6 35. Bg4 Rc6 ({Black should try} 35... Qe7 $17 36. Rc1 Rxc1 37. Qxc1 g5 38. hxg5 Qxg5) 36. Bf3 Qb8 {[%cal Rd6g3]} 37. Qe1 Rc2 {[#] White must now prevent ...Bxg3.} 38. Qd1 Rc8 {[%cal Rd6g3]} 39. Qe1 Rc2 {Hoping for ...Bxg3.} 40. Qd1 Rc8 {[%cal Rd6g3]} 41. Qe1 {Precision: White = 61%, Black = 48%.} 1/2-1/2

[Event "EICC 2017"]
[Site "Minsk"]
[Date "2017.06.09"]
[Round "10"]
[White "Grandelius, Nils"]
[Black "Sviridov, Valery"]
[Result "1-0"]
[WhiteElo "2665"]
[BlackElo "2504"]
[Annotator "TA"]
[PlyCount "105"]
[EventDate "2017.??.??"]
[EventCountry "BLR"]
[SourceTitle "playchess.com"]
[Source "ChessBase"]
[SourceQuality "1"]

{[%evp 22,105,75,75,75,65,95,100,101,61,50,48,119,118,133,143,134,135,133,126,136,131,124,129,122,120,131,111,170,164,208,211,218,206,201,141,423,413,522,494,512,523,437,249,264,258,465,458,464,452,375,268,253,260,255,173,174,166,184,183,251,240,248,247,277,273,271,270,331,328,320,315,334,291,306,306,333,316,518,523,504,498,503,496,450,419]} 1. e4 g6 2. d4 Bg7 3. Nf3 d6 4. Be2 a6 5. c4 Nf6 6. Nc3 O-O 7. O-O c5 8. h3 cxd4 9. Nxd4 Nc6 10. Be3 Bd7 11. Nf3 Rc8 12. Rc1 Qa5 {B38: Sicilian: Maroczy Bind with 5...Bg7 and 7...0-0} (12... Re8 13. Re1 Be6 14. Ng5 Qa5 15. Nxe6 fxe6 16. a3 Kh8 17. Qb3 Nd7 18. Qxb7 Nc5 19. b4 Nxb7 20. bxa5 {½-½ (29) Zvjaginsev,V (2635)-Naiditsch,A (2685) Ohrid 2009}) 13. a3 Be6 14. Nd5 {[#] Threatens to win with Bb6.} Nd7 {White is better.} 15. Bd2 $146 ({Predecessor:} 15. Qb3 Nc5 16. Qc2 {0-1 (38) Van Riemsdijk,H (2400)-Bogda,A (2240) Asuncion 1983}) 15... Qd8 $1 16. b4 a5 {[#]} (16... Nde5 $14) 17. Nf4 $1 $16 Nd4 18. Nxd4 (18. bxa5 $6 Nxf3+ 19. gxf3 Nc5 $11) 18... Bxd4 19. Nxe6 (19. bxa5 $6 Nc5 $14) 19... fxe6 20. Bh6 $36 {[%mdl 2048] White is on the roll.} (20. bxa5 $6 Nc5 $11) 20... Bg7 21. Be3 (21. Bxg7 Kxg7 22. Qd2 axb4 $14) 21... axb4 22. axb4 Nf6 23. Bf3 e5 24. c5 Kh8 (24... h5 $16 25. Qd2 Qd7) 25. Qb3 $18 Qd7 26. Rfd1 Rfd8 27. b5 Qe8 28. b6 Bf8 $2 {[%mdl 8192]} (28... dxc5 $16 29. Rxd8 (29. Rxc5 Rxd1+ 30. Qxd1 Rxc5 $16) 29... Qxd8 30. Rxc5 (30. Bxc5 Nd7 $16) 30... Rxc5 31. Bxc5 Qd7) 29. cxd6 exd6 30. Rc7 Rb8 31. Bg5 Bg7 32. Qf7 (32. Rf7 $142 d5 33. Rxf6 (33. Bxf6 Qxf7 34. Bxd8 Rxd8 $16)) 32... Qxf7 33. Rxf7 Kg8 $2 (33... Rf8) 34. Rxf6 ({Less strong is} 34. Bxf6 Kxf7 35. Bxd8 Rxd8 $16) 34... h6 35. Rxg6 hxg5 36. Rgxd6 Rxd6 37. Rxd6 {[%mdl 4096] Endgame KRB-KRB} Rf8 38. Rd5 Rf6 39. Rb5 Kf8 40. Bd1 Rd6 (40... Rc6 $142 41. Kh2 Bf6) 41. Bb3 Bf6 42. g3 Bd8 43. Rxe5 Rxb6 44. Bd5 Rb2 45. Rf5+ Ke8 46. Kg2 Be7 47. Kf3 Kd7 48. Rf7 Ke8 49. Kg4 b5 $2 (49... Re2 50. f3 b5) 50. f4 {White is clearly winning.} gxf4 51. gxf4 b4 52. Kf5 {Ke6 is the strong threat.} Rg2 53. Rh7 {Precision: White = 81%, Black = 33%.} 1-0

[Event "EICC 2017"]
[Site "Minsk"]
[Date "2017.06.09"]
[Round "10"]
[White "Motylev, Alexander"]
[Black "Erdos, Viktor"]
[Result "1/2-1/2"]
[WhiteElo "2665"]
[BlackElo "2614"]
[Annotator "TA"]
[PlyCount "46"]
[EventDate "2017.??.??"]
[EventCountry "BLR"]
[SourceTitle "playchess.com"]
[Source "ChessBase"]
[SourceQuality "1"]

{[%evp 36,40,-4,-21,-14,-20,-12]} 1. e4 e5 2. Nf3 Nc6 3. Bb5 a6 4. Ba4 Nf6 5. O-O Be7 6. Re1 b5 7. Bb3 d6 8. c3 O-O 9. h3 Re8 10. d4 Bb7 11. Nbd2 Bf8 12. a3 h6 13. Bc2 Nb8 14. b4 Nbd7 15. Bb2 c5 16. bxc5 {C93: Closed Ruy Lopez: Smyslov Variation} exd4 17. cxd6 dxc3 18. Bxc3 Bxd6 19. e5 {LiveBook: 3 Games} Nd5 $1 {[%cal Rd5c3]} 20. Bb2 (20. Bd4 $5 {[%cal Re5d6]} Bc7 21. Be4 $11) 20... Bc7 {[#]} {Predecessor:} 21. Rc1 $146 Nf4 22. Bf5 Nb6 23. Qc2 Re7 {½-½ (56) Sasikiran,K (2694)-Adams,M (2734) Kallithea 2008} 1/2-1/2

[Event "EICC 2017"]
[Site "Minsk"]
[Date "2017.06.09"]
[Round "10"]
[White "Zvjaginsev, Vadim"]
[Black "Wagner, Dennis"]
[Result "1/2-1/2"]
[WhiteElo "2661"]
[BlackElo "2571"]
[Annotator "TA"]
[PlyCount "235"]
[EventDate "2017.??.??"]
[EventCountry "BLR"]
[SourceTitle "playchess.com"]
[Source "ChessBase"]
[SourceQuality "1"]

{[%evp 19,235,-22,0,0,0,0,-2,-13,-2,0,0,-4,0,-6,-9,-9,-12,-14,-14,-10,-10,-12,-15,-8,-6,-15,-15,-30,-27,-57,-7,-2,-20,-12,-9,-14,-6,-15,-10,-38,19,14,0,0,69,39,141,-87,-93,-114,-110,-166,-166,-169,-167,-164,-164,-164,-147,-143,-135,-141,-129,-128,-117,-166,-166,-217,-223,-240,-259,-258,-250,-240,-232,-228,-219,-275,-273,-232,-263,-275,-268,-268,-187,-298,0,-224,-95,-100,-64,-64,-64,-64,-64,-64,-64,-64,-64,-64,-29,-30,-59,-64,0,-14,-14,-14,-14,-14,-8,-8,-8,-8,-8,-8,-8,-8,-8,-8,-8,-8,-8,-8,-8,-8,-8,-8,-8,-64,-64,-71,-71,-72,-72,-72,-72,-72,-8,-8,-8,-8,0,0,0,0,0,0,0,0,0,-8,-8,-8,-8,-8,-8,-8,0,-8,-8,-8,-8,-8,-8,-7,-7,-7,-7,-7,0,0,0,-8,-8,-8,-8,-8,-7,-8,-8,-8,-8,-8,-8,-8,0,0,0,-8,0,0,0,0,0,0,0,0,0,0,0,0,0,0,0,0,0,0,0,0,0,0,0,0,0,-8,-8,-8]} 1. Nf3 d5 2. c4 e6 3. b3 d4 4. g3 c5 5. e3 Nc6 6. exd4 cxd4 7. Bg2 Nf6 8. O-O Bd6 9. d3 O-O {A13: English Opening: 1...e6} 10. Re1 e5 {LiveBook: 4 Games} 11. Bg5 h6 12. Bxf6 $1 Qxf6 13. a3 $146 a5 14. Nbd2 Bf5 15. Ne4 Qe7 16. Nh4 Bh7 17. Nxd6 Qxd6 18. Bd5 Kh8 19. Qe2 Rab8 20. Nf3 {[%cal Rf3e5]} Rbe8 21. Nd2 Qg6 22. Ne4 Ne7 23. Bxb7 {Black must now prevent c5.} Qb6 24. b4 f6 (24... Qxb7 25. Nd6 $14) 25. Bd5 $1 Nxd5 26. cxd5 axb4 27. axb4 Qxb4 28. Reb1 Qe7 29. d6 Qe6 (29... Qf7 $15) 30. Ra7 Rb8 31. Rc1 Rfc8 (31... Rbc8 $11 32. Rxc8 Qxc8) 32. Rxc8+ $14 Rxc8 ({Black should play} 32... Qxc8 $14 33. Rc7 Qe6) 33. d7 $2 (33. Re7 $1 $16 {[%cal Re7e6] is necessary to keep the advantage.} Qd5 34. d7) 33... Rd8 $1 $17 34. Qc2 {[#] Qc7 is the strong threat.} Bf5 $1 35. Qa4 (35. f4 $17 {was worth a try.}) 35... Kh7 $19 ({Weaker is} 35... Rxd7 36. Ra8+ Kh7 37. Nc5 $11) 36. Rc7 {intending Nc5.} Bh3 37. f3 Qb6 {( -> ...Qb1+)} 38. Qc6 Qb1+ $40 {[%mdl 128] Black has strong attack.} 39. Qc1 Qxc1+ ({Much worse is} 39... Qxd3 $6 40. Nf2 $11) 40. Rxc1 Bxd7 $17 {[%mdl 4096] Endgame KRB-KRN} 41. Rc7 h5 {[%cal Bh6h5,Bh5h4][%mdl 32]} 42. h3 Kg6 ({But not} 42... Bxh3 43. Nxf6+ Kh6 44. Ne4 $17) 43. g4 (43. h4 {is a better defense.}) 43... h4 $19 44. Kf2 Be6 45. f4 exf4 46. Kf3 Ra8 47. Kxf4 Ra1 48. Kf3 Rh1 49. Nf2 Re1 50. Rc5 Re3+ 51. Kf4 Kf7 {And now ...g5+ would win.} 52. Rc7+ (52. g5 $142) 52... Kg6 53. Rc5 $1 Kh7 (53... Bb3 $19 54. Ra5 Be6 55. Rc5) 54. g5 $17 Kg6 55. gxf6 gxf6 56. Rc6 $1 Bxh3 {Strongly threatening ...Bg2.} 57. Ne4 $1 Bg2 58. Rxf6+ Kg7 59. Rd6 h3 60. Rd7+ Kg6 61. Rd6+ Kg7 62. Rd7+ Kf8 63. Ng5 $1 Ke8 64. Rh7 Rxd3 {Threatens to win with ...Re3.} 65. Ke5 Rg3 66. Nxh3 Bxh3 67. Kxd4 $11 {KRB-KR} Be6 68. Ke5 Bf7 69. Kf4 Ra3 70. Rh6 Ke7 71. Rb6 $1 Be6 72. Ke5 Ra5+ 73. Ke4 Kf6 74. Rb8 (74. Kf4 $11) 74... Ra4+ $15 75. Ke3 {[#]} Ke5 $1 76. Re8 Ra3+ 77. Ke2 Kd5 78. Kf2 Bf5 (78... Rb3 $17) 79. Re3 $1 $11 {The position is equal.} Ra4 80. Kf3 Be4+ 81. Kf4 Ra1 82. Rb3 Rf1+ 83. Kg5 Ke5 84. Rb5+ Bd5 85. Ra5 Rg1+ 86. Kh5 Ke4 87. Kh6 Bf7 88. Rg5 Ra1 89. Kg7 Bd5 90. Kf6 Ra6+ 91. Ke7 Re6+ 92. Kd7 Rh6 93. Ke7 Be6 94. Rg1 Bf5 95. Re1+ Kd5 96. Rd1+ Ke5 97. Re1+ Be4 98. Kd7 Rh7+ 99. Ke8 Ra7 100. Re2 Kd5 101. Kf8 Bf5 102. Re7 Ra8+ 103. Kf7 $1 Ra6 104. Re1 Be6+ 105. Kf6 Bg4+ 106. Kg5 Bf3 107. Kf4 Rf6+ 108. Kg5 Rf8 109. Ra1 Ke5 110. Ra5+ Bd5 111. Kg4 Rg8+ 112. Kh5 Rg1 113. Rb5 Rd1 114. Kg5 Rg1+ 115. Kh5 $1 Ke6 116. Kh4 Bf3 117. Rg5 (117. Rb1 $5) 117... Rxg5 118. Kxg5 {Precision: White = 65%, Black = 70%.} 1/2-1/2

[Event "EICC 2017"]
[Site "Minsk"]
[Date "2017.06.09"]
[Round "10"]
[White "Dubov, Daniil"]
[Black "Rodshtein, Maxim"]
[Result "1/2-1/2"]
[WhiteElo "2660"]
[BlackElo "2698"]
[Annotator "TA"]
[PlyCount "77"]
[EventDate "2017.??.??"]
[EventCountry "BLR"]
[SourceTitle "playchess.com"]
[Source "ChessBase"]
[SourceQuality "1"]

{[%evp 18,77,0,-12,16,5,25,17,43,43,62,58,55,52,91,93,84,83,123,108,141,137,139,148,181,169,168,158,156,155,154,110,226,226,208,182,208,95,97,78,169,175,168,135,135,133,141,132,127,127,112,93,116,2,4,5,6,0,6,0,0,0]} 1. e4 e5 2. Nf3 Nc6 3. Bb5 Nf6 4. O-O Nxe4 5. d4 {[%cal Bd2d4,Bd4e5][%mdl 32]} Nd6 6. dxe5 Nxb5 7. a4 Nbd4 8. Nxd4 Nxd4 9. Qxd4 d5 {C67: Ruy Lopez: Berlin Defence: 4 0-0 Nxe4} 10. Nc3 {[%cal Bb1c3,Bc3e2,Be2f4][%mdl 32] LiveBook: 65 Games} (10. exd6 $5 Qxd6 11. Qe4+ Qe6 12. Qd4 $11) (10. exd6 Qxd6 11. Qe4+ Qe6 12. Qd4 Qd6 13. Qe4+ Qe6 14. Qd4 Qd6 {½-½ (14) Naroditsky,D (2646)-So,W (2822) Saint Louis 2017}) 10... Be6 11. Qd3 Qd7 12. Qg3 c6 13. Ne2 h6 $146 ({Predecessor:} 13... g6 14. Nd4 c5 15. Nb5 a6 16. Nd6+ Bxd6 17. exd6 {½-½ (49) Zelcic,R (2555)-Smith,A (2383) Pula 2009}) 14. Be3 g6 15. Rfd1 c5 16. c3 Be7 17. Nf4 {Nxd5! is the strong threat.} Rd8 18. b4 b6 19. a5 g5 20. Nh5 Kf8 {and if ...Bg4 works, Black does fine.} 21. axb6 axb6 {Black wants to play ...Bg4.} 22. bxc5 bxc5 23. h3 Qc6 24. Ra7 Ra8 (24... Rg8 $16) 25. Rda1 $18 Rxa7 26. Rxa7 Rg8 {[#]} 27. Qf3 (27. Nf6 $1 $18 {[%cal Rf6g8] is the precise move to win.} Rg7 28. f3) 27... Rg6 $16 28. Qd1 Bd7 (28... Bc8 $16 {was worth a try.}) 29. Qb1 $18 Be8 30. Ng3 {aiming for Nf5.} Bd8 {[#]} 31. Qb8 $1 {[%cal Rb8d8]} Bb6 32. Rb7 d4 33. cxd4 cxd4 34. Bd2 {Strongly threatening Rxb6!} Re6 35. Bb4+ (35. Nf5 $16 Qc2 36. Bb4+ (36. Rxb6 Qd1+ 37. Kh2 Qxd2 $11) 36... Bc5 37. g4 (37. Bxc5+ Qxc5 38. Rb1 Rxe5 $11)) 35... Kg8 $1 $11 {The position is equal.} 36. Kh2 d3 37. Nf5 $1 {[%cal Rf5e7] And now Ne7+ would win.} Qe4 38. Nxh6+ Kh7 {( -> ...Qf4+)} 39. Rxb6 {Precision: White = 65%, Black = 55%.} 1/2-1/2

[Event "EICC 2017"]
[Site "Minsk"]
[Date "2017.06.09"]
[Round "10"]
[White "Grachev, Boris"]
[Black "Can, Emre"]
[Result "1-0"]
[WhiteElo "2658"]
[BlackElo "2589"]
[Annotator "TA"]
[PlyCount "101"]
[EventDate "2017.??.??"]
[EventCountry "BLR"]
[SourceTitle "playchess.com"]
[Source "ChessBase"]
[SourceQuality "1"]

{[%evp 15,101,27,36,-8,0,-10,0,5,17,0,0,-14,51,-10,10,0,33,24,56,56,79,88,89,79,181,160,364,354,340,245,218,133,270,250,240,168,151,166,168,155,152,152,275,169,228,228,228,228,228,228,220,220,228,220,228,220,228,228,228,220,220,220,220,220,220,213,249,237,282,274,265,245,276,266,252,252,300,252,306,306,303,299,281,267,259,223,4670,4139]} 1. d4 g6 2. e4 Bg7 3. Nf3 d6 4. c3 Nf6 5. Bd3 O-O 6. O-O Nbd7 7. Re1 e5 8. a4 {B07: Pirc Defence: Miscellaneous Systems} Re8 {LiveBook: 9 Games} 9. Bg5 h6 $146 ({Predecessor:} 9... Nf8 10. dxe5 dxe5 11. Na3 Ne6 12. Bc4 Qe7 13. Bh4 Nf4 14. Qb3 h6 {½-½ (81) Macieja,B (2536)-Beliavsky,A (2654) New Delhi/Teheran 2000}) 10. Bh4 {The position is equal.} (10. Bxf6 $5 Nxf6 11. Qb3 $11) 10... g5 11. Bg3 Nh5 12. Na3 {[%cal Bb1a3,Ba3c2,Bc2e3][%mdl 32]} (12. Nxe5 $5 Nxe5 13. dxe5 Nxg3 14. hxg3 $11) 12... Nxg3 13. hxg3 exd4 ({Black should play} 13... g4 $11 14. Nh4 exd4) 14. cxd4 ({White should try} 14. Nxd4 $14 Nc5 15. Bc2) 14... Nf8 (14... g4 $5 {[%cal Rg4f3]} 15. Nh4 Bxd4 $11) 15. Nc2 a6 16. Ne3 c5 17. Bc4 Rxe4 {[%cal Rc5d4] [#]} 18. dxc5 $1 Be6 19. Qc2 d5 (19... Rxc4 $16 20. Nxc4 Rc8) 20. Rad1 $18 Qa5 $2 (20... Qd7 $16 {was worth a try.} 21. Bxd5 Bxd5) 21. Bxd5 Rb4 22. b3 Rc8 23. Bxe6 Nxe6 (23... fxe6 $16 {is a better defense.} 24. Rc1 b5) 24. Nd5 Rxc5 25. Qd3 Rxd5 26. Qxd5 Qxd5 27. Rxd5 Rxb3 28. Ne5 Bf8 (28... Bxe5 $16 29. Rexe5 (29. Rdxe5 b5 $16) 29... Kf8) 29. Rc1 b5 (29... f6 $142) 30. axb5 Rxb5 31. Rxb5 axb5 {[%mdl 4096] Endgame KRN-KBN} 32. Rc8 Kg7 33. Rb8 Nc7 34. Nc6 Bd6 35. Nd4 Bc5 36. Nxb5 Ne6 37. Nc3 h5 38. Ne4 Bd4 39. Rb7 Kg6 40. Kf1 g4 41. Rb5 f5 42. Nd6 Bc5 43. Nc4 Kf6 44. Ra5 Bd4 45. Ra6 Ke7 46. Ke2 f4 47. gxf4 Nxf4+ 48. Kf1 Ne6 49. Nd6 Kf6 50. Ra5 Nc5 $2 {[#]} (50... Kg6 51. g3 Bc3) 51. Rxc5 $1 {[%mdl 512] Precision: White = 77%, Black = 22%.} 1-0